Nutridatos : manual de nutrición clínica /
Guardado en:
| 主要作者: | |
|---|---|
| 其他作者: | |
| 格式: | 圖書 |
| 語言: | 西班牙语 |
| 出版: |
Medellín, Colombia :
Health Books,
2016, c2016
|
| 版: | 2a edición |
| 主題: | |
| 標簽: |
沒有標簽, 成為第一個標記此記錄!
|
MARC
| LEADER | 00000nam^a2200000^a^4500 | ||
|---|---|---|---|
| 001 | 000400760 | ||
| 005 | 20250521000000.0 | ||
| 009 | 20260310121627.977 | ||
| 020 | |a 978-958-46-8055-6 | ||
| 037 | |a Acervo ITESO - Biblioteca | ||
| 041 | |a ESP | ||
| 082 | |a 612. 3 |b LAD | ||
| 100 | |a Ladino Meléndez, Liliana |e (autor) | ||
| 245 | 1 | 0 | |a Nutridatos : |b manual de nutrición clínica / |c L. Ladino Meléndez, O.J. Velázquez ; pról. de Rodrigo Vázquez Frías. |
| 250 | |a 2a edición | ||
| 250 | |a Edición latinoamericana | ||
| 264 | 4 | |a Medellín, Colombia : |b Health Books, |c 2016, c2016 | |
| 300 | |a 808 p. | ||
| 336 | |a texto |b txt |2 rdacontenido | ||
| 337 | |a sin mediación |b n |2 rdamedio | ||
| 338 | |a volumen |b nc |2 rdasoporte | ||
| 521 | |a EEnlace Departamento de Psicología, Educación y Salud 2017 | ||
| 649 | |a XX | ||
| 650 | |a Ciclo Vital | ||
| 650 | |a Antropometría | ||
| 650 | |a Alimentos y Bebidas - |x Valor Nutritivo | ||
| 650 | |a Dieta | ||
| 650 | |a Nutrición - |x Tema Principal | ||
| 650 | |a Fisiología Humana | ||
| 650 | |a Medicina Clínica | ||
| 650 | |a Salud | ||
| 700 | |a Velázquez, Oscar Jaime |e (autor) | ||
| 910 | |a Fondo General | ||
| 920 | |a Impresos - Libros | ||
| 930 | |a Colección General | ||
| 905 | |a 101 | ||
| 901 | |a 0500296055 |b IT1 |c ACC |i c158505 |u 20250521 | ||
| 902 | |a https://opac.biblio.iteso.mx/vufind/Record/000400760 | ||